OPAC | Catalogo Arcigay delle biblioteche LGBTQIA+

Il Catalogo di Arcigay delle Biblioteche LGBTQIA+ è un servizio fornito grazie alla collaborazione tra Arcigay nazionale e le associazioni locali aderenti al progetto che conservano e rendono pubbliche biblioteche a tema LGBTQIA+.

Tutte le volte che sono diventato grande / (Record no. 18705)

MARC details
000 -LEADER
campo di controllo lung. fissa 01640nam a22002297i 4500
001 - Numero di controllo
campo di controllo IT\ICCU\PIA\0026628
003 - Identificatore del numero di controllo
campo di controllo ItRI
005 - Data e orario dell'ultima transazione
campo di controllo 20260115232212.0
008 - Elementi di lunghezza fissa--Informazione generale
campo di controllo lung. fissa 250521s2025 it |||||| |||||1|||||c
020 ## - ISBN (International Standard Book Number)
ISBN (International Standard Book Number) 9791256211388
024 31 - Altri identificatori standard
Numero standard o codice 9791256211388
040 ## - Fonte della catalogazione
Lingua della catalogazione ita
Agenzia che fa la trascrizione importazione bologna sebina
041 #7 - Codice di lingua
Codice di lingua del testo/traccia sonora o titolo separato ita
Fonte del codice ISO-639-2
082 ## - Numero di classificazione Decimale Dewey
Numero di classificazione 741.5
-- VIGNETTE, CARICATURE, FUMETTI
Numero dell'edizione 21
100 1# - Accesso principale -- nome di persona
Nome di persona Macaione, Giulio
Numero del record di authority o numero standard IT\ICCU\UBOV\300337
Relazione: aut
240 10 - Titolo uniforme
Titolo uniforme Tutte le volte che sono diventato grande
-- IT\ICCU\PIA\0026629
9 (RLIN) Macaione, Giulio
245 10 - Formulazione del titolo
Titolo Tutte le volte che sono diventato grande /
Formulazione di responsabilità, ecc. Giulio Macaione.
260 ## - Pubblicazione, distribuzione, ecc. (stampa)
Luogo di pubblicazione, distribuzione, ecc. Milano :
Nome dell'editore, distributore, ecc. Bao,
Data di pubblicazione, distribuzione, ecc. 2025
300 ## - Descrizione fisica
Estensione 234 p. :
Altre particolarità fisiche fumetti ;
Dimensioni 21 cm
520 ## - Riassunto, ecc.
Nota di riassunto, ecc. Lucio vive in Sicilia con i genitori e la sorellina. Lucio è più maturo della sua età, ma non è qualcosa che ha potuto scegliere o coltivare: da lui ci si aspetta che sia un ometto, che impari presto ad arrangiarsi e che abbia cura della sorella minore. A casa c'è tensione, tra i suoi genitori, e Lucio non sa bene dove mettersi, per non ritrovarsi in mezzo al fuoco incrociato delle costanti liti. Poco a poco le cose cambiano, dentro e intorno a Lucio. Complici i cartoni animati che guarda in TV prima, e la scoperta dei fumetti poi, capisce di voler raccontare storie, nella vita, mentre l'inizio della pubertà gli fa intuire anche aspetti di sé che non aveva mai considerato. I suoi genitori sono, ciascuno a modo proprio, chiusi in loro stessi, e Lucio si domanda se sarà più difficile dire loro che vuole iscriversi all'Istituto d'arte per fare fumetti, o che ha capito di essere gay.
942 ## - Dati aggiuntivi (Koha)
Fonte della classificazione o dello schema di collocazione (segnatura) Classificazione decimale Dewey
Tipo copia default (Koha) Libri
Nasconto in Opac No
Holdings
Status ritirato Status smarrito: Status danneggiato: Escluso dal prestito Biblioteca di appartenenza Biblioteca corrente Data di acquisti Numero d'inventario Totale prestiti Collocazione Codice a barre Data ultima revisione Prezzo effettivo da Tipo copia default (Koha) Nota pubblica
        BOLOGNA | Centro di Documentazione "Flavia Madaschi" Cassero LGBTQIA+ Center BOLOGNA | Centro di Documentazione "Flavia Madaschi" Cassero LGBTQIA+ Center 15/01/2026 21051   F 741.594 MAC BO21051 15/01/2026 15/01/2026 Libri 1 v.
Se cerchi informazioni su Arcigay, le puoi trovare nel nostro sito: www.arcigay.it